Statistics for U.S. Cities with the Highest Violent Crime Rate

Click here to take the quiz!

General Stats

  • This quiz has been taken 116 times
  • The average score is 12 of 20

Answer Stats

Rate% ChangeCities% Correct
1006.1+ 13.8Chicago
95%
2007.8+ 1.0Detroit
93%
1800.4+ 7.2St. Louis
83%
1833.4+ 37.0Baltimore
79%
1163.3+ 19.5New Orleans
78%
1449.6+ 8.6Cleveland
76%
1026.1+ 3.5Houston
76%
941.4- 20.6Washington D.C
71%
1943.2+ 11.6Memphis
70%
1272.8+ 1.4Indianapolis
69%
1413.0- 4.3Milwaukee
64%
1590.3+ 27.1Kansas City
58%
1113.1- 0.8Nashville
55%
1273.7- 24.4Oakland
53%
1042.5- 15.1Buffalo
51%
1364.8+ 54.6Albuquerque
41%
1399.6+ 5.1Stockton
26%
1309.6+ 51.5Anchorage
21%
1179.9+ 3.0Wichita
15%
996.6+ 15.6Lubbock
7%

Score Distribution

Percentile by Number Answered

Percent of People with Each Score

Your Score History

You have not taken this quiz